[Event "Najdorf Memorial B"]
[Site "Warsaw POL"]
[Date "2023.07.13"]
[Round "3.10"]
[White "Grajczak, Adrian"]
[Black "Olszewski, Antoni"]
[Result "1-0"]
[WhiteElo "1880"]
[BlackElo "1681"]

1. e4 c5 2. Nf3 e6 3. b3 Nf6 4. e5 Nd5 5. Bb2 Nc6 6. Nc3 Nxc3 7. dxc3 d5 8.
Bd3 Qc7 9. Qe2 Be7 10. h4 a6 11. a4 Bd7 12. O-O O-O-O 13. c4 d4 14. c3 g5
15. hxg5 h6 16. g6 fxg6 17. cxd4 cxd4 18. Nxd4 g5 19. Nc2 g4 20. Bc3 Rhg8
21. b4 Rg5 22. Rfe1 g3 23. f4 Rgg8 24. c5 a5 25. b5 Bxc5+ 26. Kf1 Rdf8 27.
Bd2 Ne7 28. Qf3 Kb8 29. Ne3 b6 30. Rac1 Bc8 31. Be4 Ng6 32. Ng4 Nh4 33. Qe2
Bb7 34. Nf6 Rg7 35. Bxb7 Qxb7 36. Qe4 Qxe4 37. Rxe4 Rc7 38. Bxa5 Be7 39.
Rxc7 Kxc7 40. Bxb6+ Kxb6 41. Nd7+ Kb7 42. Nxf8 Bxf8 43. Rc4 Nf5 44. Ke2 Nh4
45. a5 Nf5 46. b6 Be7 47. Rc7+ Ka8 48. a6 Kb8 49. a7+ 1-0

[Event "Najdorf Memorial B"]
[Site "Warsaw POL"]
[Date "2023.07.13"]
[Round "3.11"]
[White "Suska, Szymon"]
[Black "Jaszczuk, Piotr"]
[Result "1-0"]
[WhiteElo "1876"]
[BlackElo "1672"]

1. e4 c5 2. Nc3 Nc6 3. g3 g6 4. Bg2 Bg7 5. d3 d6 6. Be3 Rb8 7. f4 b5 8. Rb1
b4 9. Nce2 Qa5 10. b3 Nd4 11. Nf3 e5 12. O-O Ne7 13. Nd2 O-O 14. f5 f6 15.
g4 g5 16. Nf3 Nxf3+ 17. Bxf3 Bb7 18. h4 gxh4 19. Qe1 Qxa2 20. Rc1 Qa5 21.
Qxh4 d5 22. Kg2 d4 23. Bd2 Rf7 24. Rh1 Bf8 25. Kf2 Qb6 26. Rcg1 Qc6 27. Rg3
Bg7 28. g5 fxg5 29. Bxg5 Kf8 30. Bxe7+ Rxe7 31. Qxe7+ Kxe7 32. Rxg7+ Kf8
33. Rgxh7 Re8 34. R1h6 Qc8 35. Bh5 Re7 36. Rh8+ Kg7 37. f6# 1-0

[Event "Najdorf Memorial B"]
[Site "Warsaw POL"]
[Date "2023.07.13"]
[Round "3.12"]
[White "Kaminski, Jan"]
[Black "Drozdz, Jakub"]
[Result "1-0"]
[WhiteElo "1862"]
[BlackElo "1643"]

1. e4 c5 2. Nf3 Nc6 3. d4 cxd4 4. Nxd4 g6 5. Nc3 Bg7 6. Be3 Nf6 7. Bc4 O-O
8. Bb3 Ng4 9. Qxg4 Nxd4 10. Qh4 Qa5 11. O-O Bf6 12. Qh6 Ne6 13. Nd5 Bg7 14.
Nxe7+ Kh8 15. Qh3 Bxb2 16. Rad1 Qc7 17. f4 Nc5 18. Nd5 Qc6 19. e5 d6 20.
Qh6 Bf5 21. Nf6 g5 22. Rxd6 Qc7 23. Nd5 Qa5 24. Qf6+ 1-0

[Event "Najdorf Memorial B"]
[Site "Warsaw POL"]
[Date "2023.07.13"]
[Round "3.13"]
[White "Flis, Piotr"]
[Black "Lukasiewicz, Anna"]
[Result "1/2-1/2"]
[WhiteElo "1698"]
[BlackElo "1839"]

1. e4 e5 2. Nf3 Nc6 3. Bb5 a6 4. Ba4 Nf6 5. O-O Be7 6. Re1 b5 7. Bb3 d6 8.
c3 O-O 9. d4 Bg4 10. Be3 exd4 11. cxd4 Na5 12. h3 Nxb3 13. Qxb3 Bxf3 14.
gxf3 c5 15. Nc3 cxd4 16. Bxd4 Nh5 17. Nd5 Bg5 18. Be3 Bxe3 19. Qxe3 Qh4 20.
Kh2 Rac8 21. Rac1 Kh8 22. Rg1 Rxc1 23. Rxc1 h6 24. Rg1 Qd8 25. b4 Nf6 26.
Rd1 Nxd5 27. Rxd5 Qf6 28. a3 Rc8 29. e5 dxe5 30. Rxe5 Kh7 31. Qe4+ g6 32.
Rc5 1/2-1/2

[Event "Najdorf Memorial B"]
[Site "Warsaw POL"]
[Date "2023.07.13"]
[Round "3.14"]
[White "Zeissel, Andrzej"]
[Black "Dropia, Rafal"]
[Result "0-1"]
[WhiteElo "1813"]
[BlackElo "1585"]

1. e4 d6 2. d4 e5 3. Nf3 Nc6 4. h3 Nf6 5. Nc3 exd4 6. Nxd4 Be7 7. Be3 Nxd4
8. Qxd4 O-O 9. O-O-O Re8 10. g4 Nd7 11. f4 Bf8 12. Bc4 Nb6 13. Bb3 Be6 14.
Qd3 Bxb3 15. axb3 Qe7 16. Rhe1 c6 17. Bf2 Nd7 18. e5 d5 19. Ne4 Nxe5 20.
fxe5 dxe4 21. Qxe4 Rad8 22. Rxd8 Qxd8 23. Bg3 Be7 24. Rd1 Bg5+ 25. Bf4
Bxf4+ 26. Qxf4 Qe7 27. Qd4 c5 28. Qd5 g6 29. Kb1 b6 30. Rf1 Rd8 31. Qf3 Qe6
32. Qb7 Qd7 33. Qf3 Qe6 34. Qb7 Qd7 35. Qf3 Qe6 36. Qf6 Qxf6 37. exf6 h6
38. Re1 g5 39. Re7 a5 40. Kc1 Rd6 41. Re3 Rxf6 42. Kd2 Rd6+ 43. Kc3 Rd4 44.
Re8+ Kg7 45. Rb8 Rd6 46. Kc4 Kg6 47. Kb5 f5 48. gxf5+ Kxf5 49. c4 h5 50.
Rh8 h4 51. Rf8+ Rf6 52. Rg8 Rg6 53. Rf8+ Ke5 54. Ka6 Rf6 55. Re8+ Kf4 56.
Re1 Rg6 57. Rg1 g4 58. hxg4 h3 59. Kb5 h2 60. Rh1 Kg3 61. Rd1 Kxg4 0-1

[Event "Najdorf Memorial B"]
[Site "Warsaw POL"]
[Date "2023.07.13"]
[Round "3.15"]
[White "Kurowski, Maciej"]
[Black "Sprzeczka, Emilia"]
[Result "1/2-1/2"]
[WhiteElo "1589"]
[BlackElo "1797"]

1. d4 Nf6 2. Nc3 d5 3. Bf4 e6 4. Nb5 Na6 5. e3 c6 6. Nc3 Bb4 7. Ne2 Qa5 8.
a3 Bxc3+ 9. Nxc3 Ne4 10. Bxa6 Nxc3 11. Qd2 Qxa6 12. Qxc3 Bd7 13. Qd3 Qb6
14. b4 f6 15. O-O O-O 1/2-1/2

[Event "Najdorf Memorial B"]
[Site "Warsaw POL"]
[Date "2023.07.13"]
[Round "3.16"]
[White "Moszczenski, Milosz"]
[Black "Mazus, Jakub"]
[Result "1-0"]
[WhiteElo "1783"]
[BlackElo "1600"]

1. d4 Nf6 2. c4 c5 3. d5 e6 4. Nc3 exd5 5. cxd5 d6 6. e4 g6 7. Nge2 Bg7 8.
Ng3 a6 9. a4 Nbd7 10. Be2 O-O 11. O-O Re8 12. f3 Ne5 13. Be3 Rb8 14. Qd2 b6
15. h3 Kh8 16. Rfe1 Rg8 17. Bg5 Qe8 18. f4 Ned7 19. e5 dxe5 20. Bd1 Nh5 21.
Bxh5 gxh5 22. Nxh5 f6 23. Nxg7 Rxg7 24. Bh6 Rg6 25. f5 Rg8 26. Qe2 Bb7 27.
Rad1 Rc8 28. b3 Rg3 29. Ne4 Rxb3 30. Nd6 Qe7 31. Nxc8 Bxc8 32. Rd3 c4 33.
Rxb3 cxb3 34. Qg4 Nc5 35. Rc1 Bd7 36. a5 Nd3 37. Rb1 b2 38. axb6 Bc8 39.
Kh2 e4 40. Qg3 a5 41. Kg1 a4 42. b7 Qxb7 43. Qd6 Qa7+ 44. Kh2 1-0

[Event "Najdorf Memorial B"]
[Site "Warsaw POL"]
[Date "2023.07.13"]
[Round "3.17"]
[White "Pires, Emanuel Joao Robarts"]
[Black "Mazurek, Jerzy"]
[Result "0-1"]
[WhiteElo "1994"]
[BlackElo "1738"]

1. e4 c5 2. Nf3 d6 3. Bb5+ Bd7 4. Bxd7+ Nxd7 5. d4 cxd4 6. Qxd4 Ngf6 7. Nc3
g6 8. Bg5 Bg7 9. O-O-O O-O 10. Kb1 Qa5 11. Qd2 Qb6 12. Nd4 Rfc8 13. f3 Rc4
14. Be3 Rac8 15. Ne6 Nxe4 16. fxe4 Bxc3 17. Qxc3 Rxc3 18. Bxb6 R3c6 19. Bd8
fxe6 20. Bxe7 Rxc2 21. Rxd6 Nb6 22. Rd8+ Rxd8 23. Kxc2 Rd4 24. Re1 Nd7 25.
b4 Kf7 26. Kc3 e5 27. Bh4 a6 28. Bf2 Rd6 29. a4 b5 30. axb5 axb5 31. Ra1
Nf6 32. Re1 Ke6 33. h3 Rd7 34. g4 g5 35. Bc5 Rd8 36. Kc2 Rd7 37. Re2 Rd8
38. Kc3 Rd7 39. Re1 Rd8 40. Bf2 Rd6 41. Kc2 Rd8 42. Be3 h6 43. Ra1 Nxe4 44.
Ra6+ Rd6 45. Ra5 Rd5 46. Ra8 Kf7 47. Rh8 Kg7 48. Rb8 Nd6 49. Bc5 Nc4 50.
Kc3 Na3 51. Bf8+ Kf7 52. Bc5 e4 53. Rb7+ Kg8 54. Rb8+ Kf7 55. Rb7+ Kg8 56.
Rb8+ Kf7 57. Rb7+ Kf6 58. Rb6+ Ke5 59. Rxh6 Rd3+ 60. Kb2 e3 61. Rh8 Nc4+
62. Kc2 Rd2+ 63. Kc3 Ke4 64. Re8+ Ne5 65. Ba7 Rd3+ 66. Kc2 e2 67. Bf2 Rd5
68. Bg3 Kf3 69. Be1 Kg2 70. Bc3 Kf1 71. Rf8+ Kg2 72. Rf5 Kxh3 73. Rxg5 Kg2
74. Rf5 Nxg4 75. Rxd5 Ne3+ 76. Kd2 Kf2 77. Kd3 Nxd5 78. Bd2 Kf1 79. Kd4 Nf6
80. Ke5 Ng4+ 81. Kd5 Nf6+ 82. Ke5 e1=Q+ 83. Bxe1 Kxe1 84. Kd6 Ne4+ 85. Kd5
Nc3+ 86. Kd4 Kd2 0-1

[Event "Najdorf Memorial B"]
[Site "Warsaw POL"]
[Date "2023.07.13"]
[Round "3.18"]
[White "Stefaniuk, Zbigniew"]
[Black "Ryszkiewicz, Adam"]
[Result "1-0"]
[WhiteElo "1721"]
[BlackElo "1953"]

1. e4 e5 2. Nf3 Nc6 3. Nc3 Nf6 4. Bb5 Bc5 5. Nxe5 Nxe5 6. d4 Bd6 7. dxe5
Bxe5 8. Bg5 c6 9. Bd3 Qb6 10. Rb1 h6 11. Bd2 O-O 12. O-O d5 13. exd5 cxd5
14. h3 Be6 15. Qf3 d4 16. Ne4 Bxa2 17. Qf5 Rfe8 18. Nxf6+ Bxf6 19. Qh7+ Kf8
20. Ra1 Be6 21. Ba5 Qd6 22. Ra4 Rac8 23. Bb4 Rc5 24. Rxa7 g6 25. Rxb7 Bg7
26. Ra1 Bd7 27. Rxd7 1-0

[Event "Najdorf Memorial B"]
[Site "Warsaw POL"]
[Date "2023.07.13"]
[Round "3.19"]
[White "Posuniak, Weronika"]
[Black "Grzadka, Artur"]
[Result "1/2-1/2"]
[WhiteElo "1949"]
[BlackElo "1742"]

1. Nf3 d5 2. g3 Nf6 3. Bg2 Bf5 4. O-O e6 5. d4 Nbd7 6. c4 c6 7. b3 Be7 8.
Nc3 O-O 9. Bb2 a5 10. Nd2 Qb6 11. c5 Qc7 12. Na4 Rad8 13. a3 b5 14. cxb6
Nxb6 15. Nc5 Bxc5 16. dxc5 Nbd7 17. Qc1 Rb8 18. Qc3 Rb5 19. Rfc1 Rxc5 20.
Qd4 Rb5 21. a4 Rb4 22. Qc3 c5 23. Ba3 d4 24. Qb2 Rb6 25. Qxd4 Rc8 26. Qc3
Ra6 27. Bb2 Rb8 28. Nc4 e5 29. Rd1 Be6 30. Ra3 h6 31. h3 Rb4 32. Nd2 Rd6
33. Raa1 Rdd4 34. Qc2 Rd6 35. Ba3 Rb8 36. Rac1 Qb6 37. Rb1 Rd4 38. e3 Rd6
39. Rdc1 e4 40. Nxe4 Nxe4 41. Qxe4 Bxb3 42. Qf5 Qc7 43. Bxc5 Rf6 44. Qh5
Bxa4 45. Rxb8+ Qxb8 46. Bd4 Ra6 47. Bf1 Rc6 48. Ra1 Qb4 49. Qg4 Rg6 50. Qe4
Bc6 51. Qe8+ Nf8 52. Qe5 Rg5 53. Qc7 Be4 54. Bc3 Qc5 55. Qxc5 Rxc5 56. Bxa5
Ng6 57. Bg2 Bxg2 58. Kxg2 Ne5 59. Ra2 Kh7 60. Bb6 Rb5 61. Bd4 Nc6 62. f4 h5
63. Ra4 Nxd4 64. Rxd4 g6 65. g4 Rb2+ 66. Kg3 Re2 67. Re4 hxg4 68. hxg4 Kg7
69. Kf3 Ra2 70. g5 Ra1 71. Rb4 Rc1 72. Ke4 Rd1 73. Ke5 Ra1 74. Rb5 Ra6 75.
e4 Re6+ 76. Kd5 Ra6 77. f5 gxf5 78. exf5 Ra1 79. Rb7 Rd1+ 80. Ke4 Re1+ 81.
Kd3 Rf1 1/2-1/2

[Event "Najdorf Memorial B"]
[Site "Warsaw POL"]
[Date "2023.07.13"]
[Round "3.20"]
[White "Korszanski, Stanislaw"]
[Black "Terkiewicz, Bruno"]
[Result "0-1"]
[WhiteElo "1716"]
[BlackElo "1922"]

1. e4 e5 2. Nf3 Nc6 3. Bc4 Nf6 4. d3 h6 5. Be3 d6 6. Nc3 g6 7. Qe2 Bg7 8.
O-O-O Qe7 9. d4 Bg4 10. d5 Nd4 11. Bxd4 exd4 12. Rxd4 Nh5 13. e5 Bxf3 14.
Qxf3 Bxe5 15. Bb5+ Kf8 16. Rg4 Nf6 17. Rb4 Kg7 18. Bd3 Bxc3 19. bxc3 Qe5
20. Kd2 Nxd5 21. Bc4 Nf6 22. Rxb7 d5 23. Bd3 Ne4+ 24. Bxe4 dxe4 25. Qe3
Rhd8+ 26. Kc1 Qa5 27. Kb2 Qd5 28. Rxa7 Rab8+ 29. Ka1 Qb5 30. Qc1 Rd2 31.
Qb1 Qe8 32. Qc1 Rxf2 33. Qe3 Rxc2 34. Qd4+ Kg8 35. Re1 Qb5 36. c4 Rxc4 37.
Qf6 Rb4 38. Qf1 Qe5# 0-1

[Event "Najdorf Memorial B"]
[Site "Warsaw POL"]
[Date "2023.07.13"]
[Round "3.21"]
[White "Kaminski, Maciej"]
[Black "Mironowicz, Karol"]
[Result "0-1"]
[WhiteElo "1917"]
[BlackElo "1714"]

1. d4 d5 2. c4 c6 3. Nc3 Nf6 4. Nf3 e6 5. Bg5 h6 6. Bh4 dxc4 7. e4 g5 8.
Bg3 b5 9. h4 g4 10. Ne5 b4 11. Na4 Nxe4 12. Qxg4 Nxg3 13. fxg3 Ba6 14. Qf3
Qc7 15. Be2 Bb5 16. b3 Bg7 17. O-O O-O 18. Qe4 Nd7 19. Nxc4 Rfd8 20. Rad1
Bxa4 21. bxa4 Nf6 22. Qf3 h5 23. Qb3 Rab8 24. Ne5 c5 25. Bxh5 Nxh5 26. Rxf7
Qd6 27. Qf3 cxd4 28. Nc6 Rf8 29. Ne7+ Qxe7 30. Rxe7 Rxf3 31. gxf3 Nxg3 32.
Rxe6 Kf7 33. Rc6 Ne2+ 34. Kf2 Nc3 35. Rc7+ Kf8 36. Rd2 Rd8 37. Rd3 Nxa2 38.
Rxa7 Nc1 39. Rd1 Bh6 40. Rb7 Be3+ 41. Kg3 b3 42. Kg4 Ra8 43. Rb4 Ra5 44. f4
Kf7 45. h5 Ra7 46. h6 Kg6 47. Rh1 Kh7 48. a5 Nd3 49. Rxb3 Nf2+ 50. Kf3 Nxh1
51. Ra3 Kxh6 52. a6 Nf2 53. Ra1 Kg6 54. Ra5 Nd3 55. f5+ Kf6 56. Ke4 Nb4 57.
Rb5 Nxa6 0-1

[Event "Najdorf Memorial B"]
[Site "Warsaw POL"]
[Date "2023.07.14"]
[Round "4.1"]
[White "Nesterenko, Kyrylo"]
[Black "Arciszewska, Zuzanna"]
[Result "1/2-1/2"]
[WhiteElo "1907"]
[BlackElo "1732"]

1. Nf3 Nf6 2. e3 e6 3. c4 d5 4. b3 Be7 5. Bb2 O-O 6. Nc3 b6 7. d4 Bb7 8.
Bd3 c5 9. O-O Nc6 10. cxd5 exd5 11. Rc1 cxd4 12. exd4 Re8 13. Re1 Bd6 14.
Nb5 Rxe1+ 15. Qxe1 Bf4 16. Rd1 a6 17. Nc3 Bc7 18. Bc1 Qd6 19. Ne2 Re8 20.
Qf1 Qd7 21. Ng3 b5 22. Re1 Bc8 23. Bg5 Ne4 24. Nxe4 dxe4 25. Bxe4 h6 26.
Bxc6 Qxc6 27. Rxe8+ Qxe8 28. Qc1 hxg5 29. Qxc7 g4 30. Nd2 Qe1+ 31. Nf1 Bf5
32. Qe5 Qb1 33. Qe8+ Kh7 34. Qxf7 Bg6 35. Qd5 Bd3 36. Qh5+ Kg8 37. Qe8+
1/2-1/2

[Event "Najdorf Memorial B"]
[Site "Warsaw POL"]
[Date "2023.07.14"]
[Round "4.2"]
[White "Bartoszewicz, Marcin"]
[Black "Wieckowski, Michal"]
[Result "0-1"]
[WhiteElo "1791"]
[BlackElo "1637"]

1. e4 c5 2. Nf3 Nc6 3. d4 cxd4 4. Nxd4 Nf6 5. Nc3 e5 6. Ndb5 d6 7. a4 a6 8.
Na3 Bg4 9. Be2 Bxe2 10. Qxe2 d5 11. exd5 Nxd5 12. Bd2 Bxa3 13. Rxa3 O-O 14.
Nxd5 Qxd5 15. O-O Nd4 16. Qd1 Rfd8 17. Be3 Qc4 18. Bxd4 Rxd4 19. Qh5 Qxc2
20. Qxe5 Qxb2 21. Rg3 g6 22. h4 Qd2 23. Rh3 Rad8 24. h5 Qf4 25. Qxf4 Rxf4
26. Rb3 Rd7 27. Rfb1 gxh5 28. Rxb7 Rxb7 29. Rxb7 Rxa4 30. Kh2 Kg7 31. Kh3
a5 32. Ra7 Ra1 33. Kh4 Kg6 34. Ra8 f6 35. Rg8+ Kf5 36. Rh8 Kf4 0-1

[Event "Najdorf Memorial B"]
[Site "Warsaw POL"]
[Date "2023.07.14"]
[Round "4.3"]
[White "Kitewski, Bartosz"]
[Black "Suska, Szymon"]
[Result "1/2-1/2"]
[WhiteElo "1971"]
[BlackElo "1876"]

1. e4 c5 2. Nf3 Nc6 3. Bb5 g6 4. Bxc6 dxc6 5. d3 Bg7 6. O-O Qc7 7. h3 e5 8.
Be3 b6 9. a4 Nf6 10. Na3 O-O 11. Nc4 Nd7 12. Qe2 h6 13. Rfb1 Rd8 14. b4
cxb4 15. Rxb4 Ba6 16. a5 b5 17. Ncd2 c5 18. Rbb1 Nf8 19. Nf1 Ne6 20. Bc1
Nd4 21. Qd1 c4 22. Ne3 cxd3 23. cxd3 Nxf3+ 24. Qxf3 Rxd3 25. Nd5 Qc4 26.
Be3 Bb7 27. Rc1 Bxd5 28. Rxc4 Bxc4 29. a6 Rad8 30. Qe2 R8d7 31. Qb2 Kh7 32.
Qb4 f5 33. exf5 gxf5 34. Bc5 e4 35. Rc1 Be5 36. g3 Rc7 37. Be3 Bd6 38. Qb2
Rf7 39. Re1 Bf8 40. Bf4 Rd5 41. Rc1 Rfd7 42. Qf6 Bg7 43. Qc6 Be2 44. Kh2
Bf3 45. Qe6 e3 46. Rc8 exf2 47. Qg8+ Kg6 48. Rc6+ R5d6 49. Rxd6+ Rxd6 50.
Bxd6 f1=Q 51. Qe6+ Kh7 52. Qxf5+ 1/2-1/2

[Event "Najdorf Memorial B"]
[Site "Warsaw POL"]
[Date "2023.07.14"]
[Round "4.4"]
[White "Gbiorczyk, Mikolaj"]
[Black "Kaminski, Jan"]
[Result "0-1"]
[WhiteElo "1904"]
[BlackElo "1862"]

1. e4 c5 2. Nf3 d6 3. d4 cxd4 4. Nxd4 Nf6 5. Nc3 a6 6. Bg5 e6 7. f4 Be7 8.
Qf3 Qc7 9. O-O-O Nbd7 10. g4 h6 11. Bxf6 Bxf6 12. h4 Nb6 13. g5 Bxd4 14.
Rxd4 Qc5 15. Rd2 Bd7 16. Be2 O-O-O 17. Rhd1 Bc6 18. g6 f5 19. Qh3 Rhf8 20.
Rd4 d5 21. exf5 exf5 22. Bf3 Rf6 23. Bg2 Kb8 24. h5 Re8 25. Bxd5 Nxd5 26.
Nxd5 Bxd5 27. Rxd5 Qc4 28. R5d4 Qxa2 29. Qa3 Qxa3 30. bxa3 Re3 31. Rd6 Rxd6
32. Rxd6 Rh3 33. Rd7 Rxh5 34. Rxg7 Rh1+ 35. Kd2 Rg1 36. Ke3 h5 37. Kd4 h4
38. Ke5 h3 39. Kf6 h2 40. Rh7 h1=Q 41. Rxh1 Rxh1 42. g7 Rg1 43. Kf7 Kc7 44.
g8=Q Rxg8 45. Kxg8 Kd6 46. Kf7 Kd5 47. Kf6 Ke4 48. Kg5 b5 0-1

[Event "Najdorf Memorial B"]
[Site "Warsaw POL"]
[Date "2023.07.14"]
[Round "4.5"]
[White "Moszczenski, Milosz"]
[Black "Haliniak, Wojciech"]
[Result "1-0"]
[WhiteElo "1783"]
[BlackElo "1901"]

1. d4 c5 2. d5 e5 3. Nc3 d6 4. e4 Be7 5. Nf3 Nf6 6. Bb5+ Nbd7 7. a4 a6 8.
Bd3 O-O 9. O-O Nh5 10. g3 Ndf6 11. Ne1 Bh3 12. Ng2 g6 13. Kh1 Kh8 14. f3
Ng8 15. Be3 f5 16. exf5 gxf5 17. f4 e4 18. Bxe4 fxe4 19. Qxh5 Qd7 20. Qe2
Nf6 21. Qc4 Qf5 22. Rae1 b5 23. axb5 axb5 24. Nxb5 Nxd5 25. Bd2 Nf6 26. Ne3
Qd7 27. Bc3 Rab8 28. Na3 Qc6 29. Rf2 Bg4 30. Nd5 Bf3+ 31. Rxf3 exf3 32.
Rxe7 f2 33. Kg2 Rb4 34. Qd3 Rd4 35. Bxd4 Qxd5+ 36. Kxf2 cxd4 37. h3 Rb8 38.
Nc4 Qh1 39. Qxd4 Qh2+ 40. Kf3 Qh1+ 41. Ke2 Qg2+ 42. Kd1 Qf3+ 43. Kd2 Kg8
44. Qxf6 Qd5+ 45. Kc3 Qf3+ 46. Re3 1-0

[Event "Najdorf Memorial B"]
[Site "Warsaw POL"]
[Date "2023.07.14"]
[Round "4.6"]
[White "Polak, Michal"]
[Black "Sternik, Piotr"]
[Result "1/2-1/2"]
[WhiteElo "1895"]
[BlackElo "1783"]

1. d4 d5 2. Nf3 e6 3. g3 Nd7 4. Bg2 Bd6 5. O-O h6 6. c4 c6 7. Qc2 Ngf6 8.
Nbd2 O-O 9. e4 dxe4 10. Nxe4 Nxe4 11. Qxe4 Nf6 12. Qc2 c5 13. Rd1 Qc7 14.
dxc5 Bxc5 15. Bf4 Qb6 16. Ne5 Nh5 17. Bc1 Nf6 18. Nd3 Bd4 19. c5 Qc7 20.
Rb1 e5 21. b4 Bf5 22. Bb2 Rad8 23. Qe2 Rfe8 24. Bxd4 Rxd4 25. Rbc1 e4 26.
Nf4 Rxb4 27. Qd2 Rb5 28. Nd5 Nxd5 1/2-1/2

[Event "Najdorf Memorial B"]
[Site "Warsaw POL"]
[Date "2023.07.14"]
[Round "4.7"]
[White "Dropia, Rafal"]
[Black "Grajczak, Adrian"]
[Result "0-1"]
[WhiteElo "1585"]
[BlackElo "1880"]

1. d4 Nf6 2. Bf4 g6 3. Nc3 d5 4. Qd2 Bg7 5. Bh6 O-O 6. O-O-O Bxh6 7. Qxh6
c5 8. e3 c4 9. Nf3 Ng4 10. Qh4 e5 11. Qg3 e4 12. Ne5 0-1

[Event "Najdorf Memorial B"]
[Site "Warsaw POL"]
[Date "2023.07.14"]
[Round "4.9"]
[White "Kulpa, Zuzanna"]
[Black "Yasmo, Daniil"]
[Result "1-0"]
[WhiteElo "1911"]
[BlackElo "1778"]

1. d4 e6 2. c4 Nf6 3. Nf3 c5 4. d5 exd5 5. cxd5 d6 6. Nc3 g6 7. e4 Bg7 8.
h3 O-O 9. Bd3 Re8 10. O-O a6 11. a4 Nbd7 12. Bf4 Qe7 13. Re1 Nh5 14. Bg5
Qf8 15. Nd2 h6 16. Be3 f5 17. exf5 Ne5 18. Be2 Nf6 19. fxg6 Bf5 20. Nc4
Bxg6 21. Qb3 Rab8 22. Nxe5 Rxe5 23. Bf4 Ne4 24. g3 Rbe8 25. Bg4 Kh8 26. Rf1
R5e7 27. Be6 Bxc3 28. bxc3 Bf5 29. f3 Bxe6 30. dxe6 Ng5 31. Bxd6 Nxf3+ 32.
Kg2 Nh4+ 33. Kh1 Nf5 34. Bxe7 Nxg3+ 35. Kg2 Qxe7 36. Rf3 Ne4 37. Qd5 Qxe6
38. Qxe6 Rxe6 39. Re1 Rg6+ 40. Kh2 Nd6 41. Re7 Kg8 42. Rd3 b5 43. axb5 axb5
44. Rd7 Ne8 45. Rb7 b4 46. Rd8 Re6 47. c4 Re5 48. Kg3 Kf8 49. Rc8 Re3+ 50.
Kg4 Re4+ 51. Kf5 Rxc4 52. Rh7 Rh4 53. Rh8+ Ke7 54. Rhxe8+ Kd6 55. Red8+ Ke7
56. Rd1 c4 57. Rc7+ Ke8 58. Ra1 Kd8 59. Rh7 Rh5+ 60. Ke4 Rc5 61. Ra8+ Rc8
62. Rh8+ Kd7 63. Rhxc8 c3 64. Kd3 Ke6 65. Rab8 Kd7 66. Rc4 1-0

[Event "Najdorf Memorial B"]
[Site "Warsaw POL"]
[Date "2023.07.14"]
[Round "4.10"]
[White "Kudlak, Julia"]
[Black "Piotrowski, Daniel"]
[Result "1/2-1/2"]
[WhiteElo "1899"]
[BlackElo "1768"]

1. e4 c5 2. Nc3 Nc6 3. f4 g6 4. Nf3 Bg7 5. Bb5 Nd4 6. O-O e6 7. a4 Ne7 8.
d3 O-O 9. e5 d6 10. exd6 Qxd6 11. Ne4 Qc7 12. c3 Nxf3+ 13. Qxf3 a6 14. Bc4
b6 15. g4 Bb7 16. Qh3 Qc6 17. Be3 Nd5 18. f5 Nxe3 19. Qxe3 exf5 20. gxf5
gxf5 21. Rxf5 Qg6+ 22. Rg5 Qh6 23. Qg3 Bxe4 24. dxe4 Kh8 25. Rf1 Bf6 26.
Rg4 Rg8 27. Bxf7 Rxg4 28. Qxg4 Be5 29. Rf2 Rf8 30. Qf5 Bg7 31. e5 Rd8 32.
e6 Bf8 33. Qe5+ Qg7+ 34. Qxg7+ Kxg7 35. Bh5 Rd5 36. Rf7+ Kg8 37. Bg4 Rg5
38. h3 h5 39. Rf5 Rxf5 40. Bxf5 Kg7 41. Bd3 Kf6 42. Bxa6 Kxe6 43. Bc4+ Ke5
44. Kf2 Kf4 45. Ke2 h4 46. Kd3 Ke5 47. Bg8 Be7 48. Kc4 Kd6 49. Kb5 Kc7 50.
Bd5 Bf8 51. Bf3 Be7 52. b4 cxb4 53. cxb4 Bg5 1/2-1/2

[Event "Najdorf Memorial B"]
[Site "Warsaw POL"]
[Date "2023.07.14"]
[Round "4.11"]
[White "Gorniewicz, Oskar"]
[Black "Mazur, Maciej"]
[Result "1-0"]
[WhiteElo "1890"]
[BlackElo "1758"]

1. c4 Nf6 2. g3 g6 3. Bg2 Bg7 4. Nf3 c6 5. d3 Qb6 6. Nbd2 Ng4 7. O-O d5 8.
Qc2 Nd7 9. Rb1 h5 10. e4 d4 11. h3 Nh6 12. b4 e5 13. c5 Qd8 14. Nc4 f6 15.
Nd6+ Ke7 16. Nh4 Nf8 17. f4 exf4 18. Bxf4 g5 19. Nxc8+ Rxc8 20. Bd6+ Kf7
21. Qc4+ Ne6 22. Nf3 f5 23. exf5 Nxf5 24. Ne5+ Kf6 25. Rxf5+ Kxf5 26. Rf1+
Nf4 27. Qf7+ Qf6 28. g4+ hxg4 29. hxg4# 1-0

[Event "Najdorf Memorial B"]
[Site "Warsaw POL"]
[Date "2023.07.14"]
[Round "4.12"]
[White "Poziomkowski, Szymon"]
[Black "Jasiulewicz, Dawid"]
[Result "0-1"]
[WhiteElo "1880"]
[BlackElo "1751"]

1. e4 c5 2. Nf3 d6 3. d4 cxd4 4. Qxd4 Nc6 5. Bb5 Bd7 6. Bxc6 Bxc6 7. c4 Nf6
8. Nc3 g6 9. O-O Bg7 10. Qd3 O-O 11. Nd4 Rc8 12. b3 Qa5 13. Bb2 Qe5 14. Nd5
Bxd5 15. exd5 Ng4 16. Qh3 h5 17. Rae1 Qf6 18. Re2 Qf4 19. g3 Qh6 20. Rd1
Bf6 21. f3 Ne5 22. f4 Ng4 23. Qg2 Qg7 24. h3 Nh6 25. g4 hxg4 26. hxg4 g5
27. f5 Rfe8 28. Rd3 Rc5 29. Qe4 Kf8 30. Ba3 Rcc8 31. Nf3 Red8 32. b4 b6 33.
Nd4 Bxd4+ 34. Rxd4 Rd7 35. Bb2 Rdc7 36. Rd3 f6 37. c5 bxc5 38. Rh3 cxb4 39.
Reh2 Rc4 40. Bd4 Rc1+ 41. Kg2 R1c2+ 42. Bf2 R8c4 43. Qe6 Rxf2+ 44. Kxf2
Nxg4+ 45. Kg3 Nxh2 46. Rxh2 Rc3+ 47. Kg4 Rc4+ 48. Kg3 g4 49. Qe2 Rc3+ 50.
Kg2 Rh3 51. Qe6 Qh6 52. Qc8+ Kg7 53. Rxh3 Qxh3+ 54. Kf2 g3+ 55. Ke2 Qh2+
56. Kf3 Qf2+ 57. Ke4 g2 0-1

[Event "Najdorf Memorial B"]
[Site "Warsaw POL"]
[Date "2023.07.14"]
[Round "4.13"]
[White "Szefer, Michal"]
[Black "Stefaniuk, Zbigniew"]
[Result "1/2-1/2"]
[WhiteElo "1863"]
[BlackElo "1721"]

1. Nf3 Nf6 2. g3 g6 3. Bg2 Bg7 4. O-O O-O 5. c4 c6 6. d4 d5 7. b3 a5 8. Nc3
Ne4 9. Bb2 a4 10. Nxa4 dxc4 11. Ne5 Nd6 12. d5 cxd5 13. Bxd5 Bh3 14. Re1
cxb3 15. axb3 Nd7 16. Nxd7 Bxd7 17. Bxg7 Kxg7 18. Nc5 Bc6 19. Bxc6 bxc6 20.
Rxa8 Qxa8 21. Qd4+ Kg8 22. Ra1 Qc8 23. Qe5 Qc7 24. Ra6 Rc8 25. Qa1 Nb5 26.
e4 Qd6 27. b4 e5 28. Kg2 Rb8 29. Ra8 Rxa8 30. Qxa8+ Kg7 1/2-1/2

[Event "Najdorf Memorial B"]
[Site "Warsaw POL"]
[Date "2023.07.14"]
[Round "4.14"]
[White "Mazurek, Jerzy"]
[Black "Bartodziej, Bartosz"]
[Result "0-1"]
[WhiteElo "1738"]
[BlackElo "1840"]

1. d4 Nf6 2. c4 e6 3. Nc3 Bb4 4. Qc2 O-O 5. Nf3 c5 6. dxc5 Na6 7. Bf4 Nxc5
8. O-O-O Qa5 9. Bd6 Rd8 10. e3 Bxc3 11. Qxc3 Qxc3+ 12. bxc3 Nce4 13. Be7
Re8 14. Bxf6 gxf6 15. Rd4 Nxf2 16. Rg1 e5 17. Rh4 d6 18. g4 b6 19. Rg3 Bb7
20. Nd2 Kg7 21. Kc2 Ne4 22. Nxe4 Bxe4+ 23. Bd3 Bxd3+ 24. Kxd3 a6 25. Rgh3
Rh8 26. Kc2 b5 27. cxb5 axb5 28. Kb3 Ra4 29. Kb2 h6 30. Kb3 d5 31. g5 fxg5
32. Rxa4 bxa4+ 33. Kxa4 Ra8+ 34. Kb3 f5 35. Rf3 Kf6 36. a4 e4 37. Rf2 Ke5
38. Ra2 f4 39. exf4+ gxf4 40. Kc2 f3 41. Kd2 Kf4 42. a5 e3+ 43. Kd3 e2 44.
Kd2 Re8 45. Ra4+ Kf5 46. Ke1 f2+ 0-1

[Event "Najdorf Memorial B"]
[Site "Warsaw POL"]
[Date "2023.07.14"]
[Round "4.15"]
[White "Lukasiewicz, Anna"]
[Black "Zareba, Piotr"]
[Result "1/2-1/2"]
[WhiteElo "1839"]
[BlackElo "1723"]

1. e4 c5 2. Nf3 Nc6 3. d4 cxd4 4. Nxd4 Nf6 5. Nc3 e6 6. Nxc6 bxc6 7. Bd3 d5
8. Qe2 d4 9. Nb1 e5 10. O-O Be7 11. Nd2 Be6 12. Nc4 Nd7 13. f4 exf4 14.
Bxf4 Nc5 15. Ne5 Qb6 16. b3 Nxd3 17. cxd3 O-O 18. Rac1 c5 19. Qf2 a5 20.
Qg3 Kh8 21. Nc4 Qc6 22. Nb2 f6 23. e5 Bd5 24. Nc4 a4 25. Rf2 axb3 26. axb3
Qb5 27. exf6 Rxf6 28. Qg5 Qb7 29. Qe5 Rg6 30. Qe2 Rf8 31. Rcf1 h6 32. Ne5
Rgf6 33. Qh5 Kh7 34. Bg3 Rxf2 35. Rxf2 Rxf2 36. Kxf2 Qc8 37. Qg6+ Kh8 38.
Nf7+ Bxf7 39. Qxf7 Bf6 40. Qd5 Qf8 41. Kg1 Bg5 42. h3 Be3+ 43. Kh2 Qf1 44.
Qa8+ Kh7 45. Qe4+ Kh8 46. Be5 Qf7 47. Qg4 Qe7 48. Qc8+ Kh7 49. Qf5+ Kh8
1/2-1/2

[Event "Najdorf Memorial B"]
[Site "Warsaw POL"]
[Date "2023.07.14"]
[Round "4.16"]
[White "Celinski, Kamil"]
[Black "Flis, Piotr"]
[Result "1-0"]
[WhiteElo "1820"]
[BlackElo "1698"]

1. c4 e5 2. Nc3 Nf6 3. Nf3 Nc6 4. e3 Bb4 5. Qc2 Bxc3 6. bxc3 d6 7. d4 O-O
8. Be2 Re8 9. Rb1 b6 10. O-O Bg4 11. Rd1 Qc8 12. Nh4 Bxe2 13. Qxe2 e4 14.
Rb5 h6 15. Rf5 Qd8 16. f3 g6 17. Rb5 a6 18. Rb2 Kg7 19. Rf1 Qe7 20. Qf2 Na5
21. Qg3 Qe6 22. Rbf2 Rf8 23. d5 Qd7 24. fxe4 Nxe4 25. Rxf7+ Rxf7 26. Qxg6+
Kf8 27. Qxh6+ Kg8 28. Qg6+ Rg7 29. Qxe4 Re8 30. Qf3 Nxc4 31. Nf5 Rg6 32. e4
Ne5 33. Qh5 Qh7 34. Nh6+ Kg7 35. Be3 Rf8 36. Rxf8 Kxf8 37. Qf5+ Ke7 38.
Bg5+ Ke8 39. Qc8# 1-0